000 00446nam a2200169Ia 4500
003 LK-CoDNM
005 20240807103100.0
008 010623t1924 xxu||||| |||| 00| 1 eng d
040 _aLK-CoDNM
_dLK-CoDNM
_eLK-CoDNM
041 _aeng
080 _a16
_bP20
100 _aBruce,C.G.
245 _aThe Assault on mount Everest,1922
260 _bEdward Arnold and Company
_aLondon
_c1924
300 _bxi, 339p. : ill , map ; 25 cm
942 _cBK
999 _c92180
_d92180